|
|
|
|
| LEADER |
02621nam a2200745 a 4500 |
| 001 |
nkc20102148840 |
| 003 |
CZ PrNK |
| 005 |
20140313134948.0 |
| 007 |
ta |
| 008 |
101105s2010 xr a j f 001 j slv |
| 015 |
|
|
|a cnb002148840
|
| 020 |
|
|
|a 978-80-7370-163-5
|q (váz.)
|
| 035 |
|
|
|a (OCoLC)707608500
|
| 040 |
|
|
|a BOA001
|b cze
|d OLA001
|
| 041 |
1 |
|
|a slv
|h eng
|
| 072 |
|
7 |
|a 22/24
|x Náboženství Dálného východu. Indická náboženství. Hinduismus. Buddhismus
|2 Konspekt
|9 5
|
| 072 |
|
7 |
|a 0/9-053.2
|x Literatura pro děti a mládež (naučná)
|2 Konspekt
|9 26
|
| 080 |
|
|
|a 24
|2 MRF
|
| 080 |
|
|
|a 24-1/-9
|2 MRF
|
| 080 |
|
|
|a 808.543
|2 MRF
|
| 080 |
|
|
|a 177.74
|2 MRF
|
| 080 |
|
|
|a 17.024.2/.3
|2 MRF
|
| 080 |
|
|
|a 159.954
|2 MRF
|
| 080 |
|
|
|a 159.923.5
|2 MRF
|
| 080 |
|
|
|a 24-583
|2 MRF
|
| 080 |
|
|
|a (0:82-32)
|2 MRF
|
| 080 |
|
|
|a (035)
|2 MRF
|
| 080 |
|
|
|a (0.053.2)
|2 MRF
|
| 100 |
1 |
|
|a Nagaraja, Dharmachari
|7 xx0126292
|4 aut
|
| 245 |
1 |
0 |
|a Buda za lahko noč :
|b čarobne, razsvetljujoče in navdihujoče zgodbe ljubezni in modrosti za otroke /
|c Dharmachari Nagaraja ; [ilustracie Sharon Tancredi ; po angleškem izvirniku ... prevedla Metka Lebar]
|
| 250 |
|
|
|a 1. izd.
|
| 260 |
|
|
|a Praha :
|b Synergie,
|c c2010
|
| 300 |
|
|
|a 144 s. :
|b barev. il. ;
|c 25 cm
|
| 500 |
|
|
|a Obsahuje rejstřík
|
| 500 |
|
|
|a 2000 výt.
|
| 650 |
0 |
7 |
|a buddhismus
|7 ph114205
|2 czenas
|
| 650 |
0 |
7 |
|a učení buddhismu
|7 ph162902
|2 czenas
|
| 650 |
0 |
7 |
|a vyprávění
|7 ph117276
|2 czenas
|
| 650 |
0 |
7 |
|a soucit
|7 ph119696
|2 czenas
|
| 650 |
0 |
7 |
|a empatie
|7 ph138846
|2 czenas
|
| 650 |
0 |
7 |
|a představivost
|7 ph234789
|2 czenas
|
| 650 |
0 |
7 |
|a rozvoj osobnosti
|7 ph194683
|2 czenas
|
| 650 |
0 |
7 |
|a buddhistická meditace
|7 ph184262
|2 czenas
|
| 650 |
0 |
9 |
|a Buddhism
|2 eczenas
|
| 650 |
0 |
9 |
|a Buddhist doctrine
|2 eczenas
|
| 650 |
0 |
9 |
|a storytelling
|2 eczenas
|
| 650 |
0 |
9 |
|a compassion
|2 eczenas
|
| 650 |
0 |
9 |
|a empathy
|2 eczenas
|
| 650 |
0 |
9 |
|a imagination
|2 eczenas
|
| 650 |
0 |
9 |
|a personality development
|2 eczenas
|
| 650 |
0 |
9 |
|a Buddhist meditation
|2 eczenas
|
| 655 |
|
7 |
|a příběhy
|7 fd133204
|2 czenas
|
| 655 |
|
7 |
|a příručky
|7 fd133209
|2 czenas
|
| 655 |
|
7 |
|a publikace pro děti
|7 fd133156
|2 czenas
|
| 655 |
|
9 |
|a stories
|2 eczenas
|
| 655 |
|
9 |
|a handbooks and manuals
|2 eczenas
|
| 655 |
|
9 |
|a children's literature
|2 eczenas
|
| 700 |
1 |
|
|a Tancredi, Sharon
|7 xx0126294
|4 ill
|
| 765 |
0 |
|
|t Buddha at bedtime
|9 Slovinsky
|
| 910 |
2 |
|
|a BOA001
|b 2-1254.365
|
| 928 |
9 |
|
|a Synex SE
|
| 990 |
|
|
|a BK
|
| 995 |
|
|
|a 01
|
| 991 |
|
|
|b 201101
|c NOV
|e n
|
| 996 |
6 |
|
|b 2610456392
|c M2-1254.365
|l MZK
|r Sklad / do 24 hodin
|n 0
|p p.v.
|w 001161275
|u 000010
|a 1
|e BOA001
|j MZK50
|s P
|